Geografía de europa y oceanía... /

Guardado en:
Autor Principal: Insogna, Elsa
Formato: Libro
Publicado: Argentina : Estrada, 1977
Edición:20
Materias:
Etiquetas: Agregar Etiqueta
Sin Etiquetas, Sea el primero en etiquetar este registro!
LEADER 00972nam a22002655a 4500
001 CEM.cems003413
005 19000101000000.0
008 130507s1977##################000#0#####d
003 CEMS
082 0 4 |a 914 
100 1 |a Insogna, Elsa 
245 1 0 |a Geografía de europa y oceanía... /  |c Elsa Insogna 
250 |a 20 
260 |a Argentina :  |b Estrada,  |c 1977 
300 |a 245 p. 
653 |a Geografia 
653 |a Geografia de europa 
653 |a Geografia de oceania 
859 |a CEMS  |b BIB. CEMS - 11 de abril  |h 914  |i In7a20  |p 6291.79  |t Ej.1 
859 |a CEMS  |b BIB. CEMS - 11 de abril  |h 914  |i In7a20  |p 6450.78  |t Ej.2 
859 |a CEMS  |b BIB. CEMS - 11 de abril  |h 914  |i In7a20  |p 6451.78  |t Ej.3 
859 |a CEMS  |b BIB. CEMS - 11 de abril  |h 914  |i In7a20  |p 6452.78  |t Ej.4 
859 |a CEMS  |b BIB. CEMS - 11 de abril  |h 914  |i In7a20  |p 6453.78  |t Ej.5 
859 |a CEMS  |b BIB. CEMS - 11 de abril  |h 914  |i In7a20  |p 6454.78  |t Ej.6 
859 |a CEMS  |b BIB. CEMS - 11 de abril  |h 914  |i In7a20  |p 6455.78  |t Ej.7